Colonization of the Americas - Statistics

General Stats
  • This quiz has been taken 94 times
  • The average score is 28 of 36
Answer Stats
Once controlled by Answer % Correct
United Kingdom Canada
93%
United Kingdom United States
93%
Spain Mexico
86%
Portugal Brazil
84%
United Kingdom Belize
81%
Spain El Salvador
81%
United Kingdom Jamaica
81%
Spain Peru
81%
Spain Argentina
79%
Spain Chile
79%
Spain Cuba
79%
United Kingdom Guyana
79%
Spain Honduras
79%
Spain Panama
79%
Spain Paraguay
79%
Netherlands Suriname
79%
Spain/Brazil Uruguay
79%
Spain Costa Rica
78%
France Haiti
78%
Spain Colombia
77%
Spain Bolivia
75%
Spain Dominican Republic
75%
Spain Dominican Republic
75%
Spain Ecuador
75%
Spain Nicaragua
75%
Spain Venezuela
75%
United Kingdom Bahamas
74%
United Kingdom Barbados
74%
United Kingdom Dominica
74%
Spain Guatemala
74%
United Kingdom Saint Lucia
71%
United Kingdom Grenada
67%
United Kingdom Saint Kitts and Nevis
67%
United Kingdom Antigua and Barbuda
64%
United Kingdom Saint Vincent and the Grenadines
64%
United Kingdom Trinidad and Tobago
59%
No matching quizzes found
Score Distribution
Percent of People with Each Score
Percentile by Number Answered
Your Score History
You have not taken this quiz